[Event "RUS-Cup1 Chigorin mem"]
[Site "St Petersburg"]
[Date "1996.??.??"]
[Round "5"]
[White "Filippov, Valerij"]
[Black "Kupreichik, Viktor D"]
[Result "0-1"]
[WhiteElo "2565"]
[BlackElo "2510"]

1.Nf3 Nf6 2.c4 g6 3.d4 Bg7 4.g3 O-O 5.Bg2 d6 6.O-O Nc6 7.Nc3 e5 8.d5 Ne7
9.e4 Ne8 10.Ne1 c5 11.Nd3 f5 12.a3 Nf6 13.b4 fxe4 14.Nxe4 Nxe4 15.Bxe4 Bf5
16.f3 b6 17.Bd2 Qc8 18.bxc5 bxc5 19.Rb1 Qa6 20.Qb3 Rab8 21.Qxb8 Rxb8 22.Rxb8+ Kf7
23.g4 Qxc4 24.gxf5 gxf5 25.Nf2 fxe4 26.fxe4 Qd4 27.Bc1 Bf6 28.Rd8 Bh4 29.Rxd6 Ng8
30.Kg2 Nf6 31.Rxf6+ Kxf6 32.Be3 Qc4 33.Nd3+ Kg7 34.Nxc5 Be7 35.Ne6+ Kg8 36.Rg1 Qxe4+
37.Kf2+ Kh8 38.Rc1 Bh4+ 39.Ke2 Qg2+ 40.Kd3 Qxd5+  0-1

[Event "RUS-Cup1 Chigorin mem"]
[Site "St Petersburg"]
[Date "1996.??.??"]
[Round "7"]
[White "Neverov, Valeriy"]
[Black "Iskusnyh, Sergei"]
[Result "1-0"]
[WhiteElo "2515"]
[BlackElo "2460"]

1.d4 Nf6 2.c4 g6 3.Nf3 Bg7 4.g3 O-O 5.Bg2 d6 6.O-O c6 7.Nc3 Qb6 8.h3 Na6
9.e4 e5 10.dxe5 dxe5 11.Qe2 Nc5 12.Be3 Qa5 13.Nd2 Ne6 14.Nb3 Qc7 15.Rad1 b6
16.c5 b5 17.Nd5 cxd5 18.exd5 Nxd5 19.Rxd5 Bb7 20.Rd6 Bxg2 21.Kxg2 a6 22.Rfd1 Rfd8
23.Qf3 Bf8 24.Rc6 Qa7 25.Rxd8 Rxd8 26.Rb6 Qe7 27.Na5 Rc8 28.b4 Nc7 29.Nc6 Qe8
30.Qe4 Bg7 31.Na5 f5 32.Qc6 Qf7 33.Nb7 Rf8 34.Kh2 f4 35.gxf4 exf4 36.Bd2 f3
37.Qe4 Re8 38.Qg4 Nd5 39.Nd6 Be5+ 40.Kg1 Bxd6 41.Rxd6 Re2 42.Rd8+ Kg7 43.Qd4+ Nf6
44.Bc3 Qe6 45.Qxf6+  1-0

[Event "RUS-Cup1 Chigorin mem"]
[Site "St Petersburg"]
[Date "1996.??.??"]
[Round "9"]
[White "Skomorokhin, Roman"]
[Black "Eliseev, Alexey"]
[Result "1-0"]
[WhiteElo "2450"]
[BlackElo "2260"]

1.d4 Nf6 2.c4 g6 3.g3 Bg7 4.Bg2 O-O 5.Nf3 d6 6.O-O c5 7.d5 b5 8.cxb5 a6 9.bxa6 Bxa6
10.Nc3 Nbd7 11.Rb1 Qa5 12.Bd2 Rfb8 13.Qc2 Ng4 14.a4 Nge5 15.Nxe5 Nxe5 16.b3 Qd8
17.Rfd1 Ra7 18.Be1 Rab7 19.Na2 Qc8 20.b4 cxb4 21.Qxc8+ Rxc8 22.Nxb4 Bxe2
23.Nc6 Rxb1 24.Rxb1 Nxc6 25.dxc6 e6 26.Ba5 Bd3 27.Rb7 Bd4 28.Bc7 Ba6 29.Bf1 Bxf1
30.Kxf1 Kg7 31.a5 Bc5 32.a6 Kf6 33.a7 Bxa7 34.Rxa7 d5 35.f4 Kf5 36.Ke2 f6
37.Kd3 e5 38.fxe5 fxe5 39.Kc3 Ke6 40.Kb4 e4 41.Kc5 e3 42.Ba5 h5 43.c7 e2
44.Kc6 Ke7 45.Bd2 d4 46.Rb7  1-0

[Event "RUS-Cup1 Chigorin mem"]
[Site "St Petersburg"]
[Date "1996.??.??"]
[Round "9"]
[White "Galliamova, Alisa"]
[Black "Soloviov, Sergei"]
[Result "0-1"]
[WhiteElo "2475"]
[BlackElo "2410"]

1.d4 Nf6 2.c4 g6 3.Nf3 Bg7 4.g3 O-O 5.Bg2 d6 6.O-O c6 7.Nc3 Qa5 8.e4 e5 9.d5 cxd5
10.Nxd5 Nxd5 11.Qxd5 Qxd5 12.cxd5 Na6 13.Be3 Bd7 14.Rfc1 f5 15.Bf1 f4 16.gxf4 Bg4
17.Ne1 exf4 18.Bd2 Bxb2 19.f3 Bd7 20.Bxa6 bxa6 21.Bb4 Bxc1 22.Rxc1 Rac8 23.Rxc8 Rxc8
24.h4 Rc1 25.Kf2 Ra1 26.a3 Ra2+ 27.Kg1 h6 28.Bxd6 g5 29.hxg5 hxg5 30.Nd3 Kg7
31.Ne5 Bh3 32.Be7 Kh6 33.Bc5 Rc2 34.Bxa7 Kh5 35.Bb6 g4 36.d6 g3 37.Nd3 Kh6
38.e5 Rg2+ 39.Kh1 Rh2+ 40.Kg1 Rd2 41.Ne1 Re2 42.Nd3 Ra2 43.Ne1 Rxa3 44.Bd4 Ra4
45.Bc3 Rc4  0-1

[Event "Petrov mem"]
[Site "St Petersburg"]
[Date "1996.??.??"]
[Round "9"]
[White "Konopelchenkova, Tatjana"]
[Black "Kryschilovskij, Andrej"]
[Result "1-0"]
[WhiteElo "2200"]
[BlackElo "2220"]

1.d4 Nf6 2.Nf3 g6 3.c4 Bg7 4.g3 O-O 5.Bg2 d6 6.O-O Nbd7 7.Qc2 e5 8.Rd1 Re8
9.Nc3 c6 10.e4 Qb6 11.h3 a5 12.Be3 Qb4 13.b3 exd4 14.Bxd4 Nc5 15.Nd2 Nfd7
16.Bxg7 Kxg7 17.Nb5 Ne6 18.a3 Qc5 19.b4 Qh5 20.Nxd6 Rd8 21.Qc3+ Kg8 22.Nf3 Ng5
23.Nxg5 Qxg5 24.Qh8+ Kxh8 25.Nxf7+ Kg8 26.Nxg5 Re8 27.f4 h6 28.Nf3 Rxe4 29.Ne5 Rxe5
30.fxe5 Nxe5 31.Rd8+ Kf7 32.b5 Nxc4 33.bxc6 bxc6 34.Bxc6 Ke7 35.Re8+ Kf7
36.Rf1+  1-0

[Event "Star Dojran"]
[Site "Star Dojran"]
[Date "1996.??.??"]
[Round "4"]
[White "Drasko, Milan"]
[Black "Dimitrov, Vladimir"]
[Result "1/2-1/2"]
[WhiteElo "2505"]
[BlackElo "2495"]

1.d4 Nf6 2.c4 g6 3.Nf3 Bg7 4.g3 O-O 5.Bg2 d6 6.O-O Nbd7 7.Qc2 e5 8.Rd1 Qe7
9.Nc3 c6 10.b3 Re8 11.e4  1/2-1/2

[Event "Star Dojran"]
[Site "Star Dojran"]
[Date "1996.??.??"]
[Round "6"]
[White "Drasko, Milan"]
[Black "Krstevski, Sasko"]
[Result "1-0"]
[WhiteElo "2505"]
[BlackElo "2215"]

1.d4 Nf6 2.c4 g6 3.Nf3 Bg7 4.g3 O-O 5.Bg2 d6 6.O-O Nbd7 7.Qc2 c6 8.Nc3 e5
9.Rd1 Re8 10.dxe5 dxe5 11.e4 Qc7 12.h3 Bf8 13.Rb1 a5 14.Be3 Bc5 15.Bg5 a4
16.Ne1 Qa5 17.Nd3 Be7 18.b4 axb3 19.axb3 Nf8 20.b4 Qc7 21.Na4 Be6 22.c5 Kg7
23.Nb6 Ra2 24.Rb2 Ra7 25.Be3 N6d7 26.f4 Bf6 27.Qf2 Ra3 28.f5 Bb3 29.Rf1 g5
30.Qd2 Ba4 31.Nc4 Rxd3 32.Qxd3 Bb5 33.Nd6  1-0

[Event "SVK-chT9596"]
[Site "?"]
[Date "1996.??.??"]
[Round "5"]
[White "Husek, Zdenek"]
[Black "Borik, Juraj"]
[Result "1-0"]
[WhiteElo "2265"]
[BlackElo "2110"]

1.d4 Nf6 2.c4 g6 3.Nf3 Bg7 4.g3 O-O 5.Bg2 d6 6.O-O Nbd7 7.Bf4 Nh5 8.Bg5 h6
9.Be3 e5 10.dxe5 dxe5 11.Qc1 Kh7 12.Nc3 c6 13.g4 Nf4 14.Bxf4 exf4 15.Qxf4 f5
16.g5 Qe7 17.Rad1 Ne5 18.gxh6 Nxf3+ 19.Qxf3 Bxh6 20.e3 Be6 21.b3 f4 22.e4 Qg5
23.h3 Rf7 24.Rd6 Re8 25.Rfd1 Bf8 26.R6d3 Bg7 27.Ne2 Bc8 28.Kf1 Qa5 29.h4 Qxa2
30.h5 g5 31.Bh3 Bxh3+ 32.Qxh3 Rxe4 33.R3d2 Qa5 34.h6 f3 35.hxg7+ Rh4 36.g8=Q+ Kxg8
37.Qc8+ Kh7 38.Ng3 Qe5 39.Rd7 Rf4 40.Rxf7+ Rxf7 41.Qh3+ Kg7 42.Qg4 c5 43.Qe4  1-0

[Event "SVK-chT9596"]
[Site "?"]
[Date "1996.??.??"]
[Round "11"]
[White "Husek, Zdenek"]
[Black "Ac, Michal"]
[Result "1/2-1/2"]
[WhiteElo "2265"]
[BlackElo "2265"]

1.d4 Nf6 2.c4 g6 3.Nf3 Bg7 4.g3 O-O 5.Bg2 d6 6.O-O Nbd7 7.Bg5 Ne4 8.Be3 Ndf6
9.Nc3 Nxc3 10.bxc3 c6 11.Qa4 a6 12.Qb4 b5  1/2-1/2

[Event "SWE-chT 9596"]
[Site "?"]
[Date "1996.??.??"]
[Round "?"]
[White "Ornstein, Axel"]
[Black "Lyrberg, Patrik"]
[Result "0-1"]
[WhiteElo "2440"]
[BlackElo "2425"]

1.d4 Nf6 2.Nf3 g6 3.c4 Bg7 4.g3 O-O 5.Bg2 d6 6.Nc3 Nbd7 7.O-O e5 8.e4 a6
9.b3 b5 10.dxe5 dxe5 11.cxb5 axb5 12.Qc2 Bb7 13.Nd2 c6 14.b4 Qe7 15.a4 c5
16.Nxb5 cxb4 17.Nc4 Rfc8 18.Qe2 Ba6 19.Be3 Qe6 20.Rac1 Bf8 21.f4 exf4 22.Bxf4 Nd5
23.Qd2 Nc3 24.Ncd6 Bxd6 25.Nxd6 Ne2+ 26.Kh1 Rxc1 27.Rxc1 Nxc1 28.e5 Nb3 29.Qd1 Rf8
30.Bd5 Be2 31.Qxb3 Qh3 32.Bg2 Qg4 33.h3 Qe6 34.Qxb4 Nxe5 35.a5 Nd3 36.Qd4 Nxf4
37.Qxf4 Rd8 38.Ne4 Kg7 39.Kh2 h6 40.h4 Bd3 41.Nc5 Qe2 42.Qc7 Rd4 43.Qc6 Bb5
44.Qb7 Rd6 45.Kh3 g5 46.Bf3 Qf1+ 47.Bg2 Qf5+  0-1

[Event "SWE-chT 9596"]
[Site "?"]
[Date "1996.??.??"]
[Round "?"]
[White "Sixtensson, Mikael"]
[Black "Carlsson, Daniel"]
[Result "1-0"]
[WhiteElo "2210"]
[BlackElo "2165"]

1.Nf3 g6 2.d4 Nf6 3.c4 Bg7 4.g3 O-O 5.Bg2 d6 6.Nc3 c6 7.O-O Qa5 8.e4 Bg4
9.h3 Bxf3 10.Bxf3 e5 11.dxe5 dxe5 12.Be3 Qb4 13.c5 Qxb2 14.Qd3 Qa3 15.Rab1 Na6
16.Qc4 Rad8 17.Rfd1 Rxd1+ 18.Bxd1 Rb8 19.Ba4 b5 20.cxb6 axb6 21.Bxc6 Bf8
22.Ba4 Nc5 23.Bc1 Qxc3 24.Qxc3 Nxa4 25.Qxe5 Rc8 26.Qxf6 Nc3 27.Bb2  1-0

[Event "Tallinn"]
[Site "Tallinn"]
[Date "1996.??.??"]
[Round "3"]
[White "Piarnpuu, Leili"]
[Black "Sepp, Olav"]
[Result "0-1"]
[WhiteElo "2245"]
[BlackElo "2440"]

1.Nf3 Nf6 2.c4 g6 3.d4 Bg7 4.g3 O-O 5.Bg2 d6 6.O-O Nbd7 7.Nc3 e5 8.e4 c6
9.h3 Ne8 10.Be3 f5 11.exf5 gxf5 12.Qd2 Qf6 13.dxe5 Nxe5 14.Nxe5 dxe5 15.f4 Be6
16.c5 exf4 17.gxf4 Rd8 18.Qf2 Rf7 19.Rfd1 Rfd7 20.Rxd7 Rxd7 21.Bf3 Nc7 22.Kh2 Nd5
23.Bxd5 Bxd5 24.Rd1 Be6 25.Rxd7 Bxd7 26.Qd2 Be8 27.Nd1 Bh5 28.b3 Bf3 29.Nf2 Bd5
30.Nd3 Qa1 31.Ne5 Bf6 32.Kg3 Qh1 33.Bd4 h5 34.Qb2 Qe1+ 35.Kh2 h4  0-1

[Event "GEO-ch"]
[Site "Tbilisi"]
[Date "1996.??.??"]
[Round "?"]
[White "Bagaturov, Giorgi"]
[Black "Sichinava, Roman"]
[Result "1/2-1/2"]
[WhiteElo "2460"]
[BlackElo "2445"]

1.d4 d6 2.Nf3 g6 3.c4 Bg7 4.g3 Nf6 5.Bg2 O-O 6.O-O Nbd7 7.Nc3 e5 8.e4 c6
9.h3 a6 10.Re1 Qc7 11.Be3 c5 12.dxe5 dxe5 13.a4 b6 14.Nd5 Nxd5 15.cxd5 Bb7
16.Rc1 a5 17.Qb3 Rab8 18.Rcd1 h6 19.Bf1 Kh7 20.h4 Nf6 21.Nd2 Bc8 22.Bg2 Ne8
23.f4 Nd6 24.Nf3 f6 25.Nd2 Bg4 26.Rc1 Rbe8 27.Nc4 Nxc4 28.Qxc4 f5 29.Rf1 Qd7
30.exf5 Bxf5 31.b3 exf4 32.Bxf4 Bd4+ 33.Kh2 Rg8 34.Bd2 g5 35.hxg5 hxg5 36.Bc3 Be3
37.Rce1 Kg6 38.Rxe3 Rxe3 39.d6 Qe6 40.Rxf5 Kxf5 41.Bh3+ g4 42.Qf4+ Kg6 43.Bxg4 Rf8
44.Qxf8 Qxg4 45.Qg8+ Kf5 46.Qf7+ Ke4 47.Qc4+ Kf5 48.Qd5+ Kg6 49.Qg8+ Kf5
50.Qh7+ Qg6 51.Qh3+ Qg4  1/2-1/2

[Event "Tel Aviv Cup rapid"]
[Site "Tel Aviv"]
[Date "1996.??.??"]
[Round "5"]
[White "Huzman, Alexander"]
[Black "Rechlis, Gad"]
[Result "1/2-1/2"]
[WhiteElo "2570"]
[BlackElo "2510"]

1.Nf3 Nf6 2.c4 g6 3.d4 Bg7 4.g3 O-O 5.Bg2 d6 6.O-O Nbd7 7.Nc3 e5 8.Qc2 c6
9.b3 Re8 10.dxe5 dxe5 11.Ng5 Nc5 12.Rd1 Qa5 13.Be3 Ng4 14.Bxc5 Qxc5 15.Nge4 Qe7
16.Nd6 Rf8 17.c5 f5 18.Bh3 h5 19.Nxc8 Raxc8 20.Rd6 e4 21.Bxg4 hxg4 22.Rad1 Kh7  1/2-1/2

[Event "Tel Aviv ASA"]
[Site "Tel Aviv"]
[Date "1996.??.??"]
[Round "8"]
[White "Zoler, Dan"]
[Black "Kanstler, Boris"]
[Result "1/2-1/2"]
[WhiteElo "2460"]
[BlackElo "2455"]

1.d4 Nf6 2.c4 g6 3.Nf3 Bg7 4.g3 O-O 5.Bg2 d6 6.O-O Nbd7 7.b3 e5 8.dxe5 dxe5
9.Bb2 e4 10.Nd4 Re8 11.Nc3 c6 12.Nc2 Ng4 13.h3 Nh6 14.Ne3 f5 15.Qc2 Qe7 16.Rad1 Nf6
17.Nb1 Nf7 18.c5 Be6 19.Bd4 Rad8 20.Nc4 Nd5 21.Bxg7 Kxg7 22.b4 Qf6 23.a3 f4
24.Nbd2 Qc3 25.Rc1 Qxc2 26.Rxc2 e3 27.fxe3 fxg3 28.e4 Nf6 29.e5 Nh5 30.Nd6 Re7
31.Nf3 Nf4 32.Nxf7 Rxf7 33.Ng5 Rf5 34.Nxe6+ Nxe6 35.Rxf5 gxf5 36.Rc1 Nf4
37.Kf1 Rd2 38.Bf3 Kf7 39.b5 Ke6 40.bxc6 bxc6 41.Bxc6 Rxe2 42.Rc3 Rf2+ 43.Ke1 Re2+
44.Kf1 g2+ 45.Bxg2 Rxg2 46.Rf3 Rc2 47.Rxf4 Rxc5 48.Rh4 Rc7 49.Ra4 Kxe5 50.Kf2 Kf6
51.Kg3 Kg6 52.Kf3 Kh5 53.Kg3 Rg7+ 54.Kf3 a6 55.Rxa6 Kg5 56.h4+ Kxh4 57.Rh6+ Kg5
58.Ra6 Rf7 59.Ra4 Rb7 60.Kf2 Rb2+ 61.Kf3 Rb7 62.Kg3 Rf7 63.Ra5 Rg7 64.Kf2 Re7
65.Ra4 Rd7 66.Kg2 Rf7 67.Ra5 Rc7 68.Ra4 Rc3 69.Kf2 h5 70.Ra5 Kg4 71.Ra8 Rc2+
72.Kg1 f4 73.a4 Kg3 74.Rg8+ Kf3 75.a5 Ra2 76.Ra8 Kg3 77.Rg8+ Kf3 78.Ra8 Ra1+
79.Kh2 Kf2 80.a6 f3 81.Rb8 Ke1 82.a7 Rxa7 83.Rb1+ Ke2 84.Rb2+ Ke3 85.Rb3+  1/2-1/2

[Event "GRE-chT"]
[Site "Thessaloniki"]
[Date "1996.??.??"]
[Round "2"]
[White "Tsorbatzoglou, Theodoros"]
[Black "Tsiolakidis, Anastasios"]
[Result "0-1"]
[WhiteElo "2265"]
[BlackElo "2375"]

1.d4 Nf6 2.Nf3 g6 3.c4 Bg7 4.g3 O-O 5.Bg2 d6 6.O-O Nc6 7.Nc3 e5 8.d5 Ne7
9.e4 Ne8 10.Ne1 f5 11.Nd3 Nf6 12.Bg5 h6 13.Bxf6 Rxf6 14.Re1 f4 15.c5 g5 16.a4 Ng6
17.a5 g4 18.c6 h5 19.Ra3 Rf7 20.Qc2 h4 21.cxb7 Bxb7 22.a6 Bc8 23.Nb5 Bh6
24.Nb4 hxg3 25.hxg3 f3 26.Bf1 Rh7 27.Rc3 c5 28.dxc6 Qg5 29.Qb3+ Kh8 30.Rxf3 gxf3
31.Qxf3 Bg4 32.Qd3 Qd2 33.Nc2 Qxd3 34.Bxd3 Bd2 35.Ra1 Bf3  0-1

[Event "CRO-chT"]
[Site "Tucepi"]
[Date "1996.??.??"]
[Round "?"]
[White "Cvitan, Ognjen"]
[Black "Loncar, Robert"]
[Result "1-0"]
[WhiteElo "2540"]
[BlackElo "2455"]

1.d4 Nf6 2.Nf3 g6 3.c4 Bg7 4.g3 O-O 5.Bg2 d6 6.O-O c6 7.Nc3 Bf5 8.Ne1 Qd7
9.e4 Bh3 10.Bxh3 Qxh3 11.f3 Na6 12.Nd3 Qd7 13.Be3 b5 14.cxb5 cxb5 15.Qd2 Qb7
16.Rac1 Rfc8 17.Ne2 Nd7 18.Kg2 e6 19.g4 b4 20.b3 Qb5 21.Rxc8+ Rxc8 22.Rc1 Rxc1
23.Nexc1 Ndb8 24.Ne2 Nc6 25.Nf2 Nc7 26.g5 d5 27.Ng4 e5 28.Kf2 dxe4 29.dxe5 Nxe5
30.Nxe5 Qxe5 31.Qd8+ Ne8  1-0

[Event "Ubeda op"]
[Site "Ubeda"]
[Date "1996.??.??"]
[Round "?"]
[White "Tregubov, Pavel V"]
[Black "Hernandez, Gilberto"]
[Result "1/2-1/2"]
[WhiteElo "2470"]
[BlackElo "2555"]

1.d4 Nf6 2.Nf3 g6 3.c4 Bg7 4.g3 O-O 5.Bg2 d6 6.O-O c6 7.Nc3 Qa5 8.e4 e5 9.h3 Nbd7
10.Qc2 Re8 11.Be3 exd4 12.Nxd4 Nb6 13.b3 Be6 14.Rad1 Rac8 15.Nxe6 Rxe6 16.Bd2 Qc5
17.Bf4 Rce8 18.Rd2 Nh5 19.Be3 Qa5 20.Bd4 Bh6 21.Rd3 Nd7 22.Be3 Bg7 23.Rfd1 Nc5
24.Bxc5 Qxc5 25.Na4 Qb4 26.Qd2 Qxd2 27.R1xd2 Bf8 28.h4 f5 29.exf5 Re1+ 30.Kh2 gxf5
31.Rf3 Ng7 32.Nc3 Kf7 33.b4 a6 34.a4 Kg6 35.b5 axb5 36.axb5 R8e5 37.bxc6 bxc6
38.Nd1 Ne6 39.Nb2 R5e2 40.Rxe2 Rxe2 41.Re3  1/2-1/2

[Event "Velden op"]
[Site "Velden"]
[Date "1996.??.??"]
[Round "2"]
[White "Horvath, Jozsef"]
[Black "Herzog, Adolf"]
[Result "1/2-1/2"]
[WhiteElo "2515"]
[BlackElo "2385"]

1.d4 Nf6 2.Nf3 g6 3.c4 Bg7 4.g3 O-O 5.Bg2 d6 6.Nc3 Nbd7 7.O-O e5 8.e4 exd4
9.Nxd4 Re8 10.h3 Nc5 11.Re1 h6 12.Kh2 Re5 13.f3 a5 14.Bf4 Re8 15.Be3 Bd7
16.Qd2 Kh7 17.Rad1 Qc8 18.Bf2 Re5 19.g4 Qe8 20.Ndb5 Bxb5 21.Nxb5 Na6 22.Bg3 Re7
23.b3 Nc5 24.Re2 a4 25.b4 Ne6 26.Qc2 h5 27.Rde1 hxg4 28.hxg4 Bh6 29.e5 dxe5
30.Bxe5 Nf4 31.Nxc7 Qc8 32.Nxa8 Nxe2 33.Nb6 Qc6 34.Rxe2 Rxe5 35.Rxe5 Bf4+
36.Kh1 Bxe5 37.c5 Qe8 38.Qe2 Qb8 39.Nc4 Bf4 40.Qe7 Kg7 41.Nd6 Qh8+ 42.Kg1 Qh2+
43.Kf1 Bxd6 44.Qxd6 Qh6 45.Qe5 Qc1+ 46.Kf2 a3 47.f4 Qb2+ 48.Kg3 Qxa2 49.g5 Qb3+
50.Kh4 a2 51.gxf6+ Kh7 52.Be4 Qb1 53.Qh5+ Kg8 54.Qh6 Qe1+ 55.Kg4 Qd1+ 56.Kg3 Qe1+
57.Kg4 Qe2+ 58.Kg3 Qe1+ 59.Kg4 Qe2+ 60.Kg3  1/2-1/2

[Event "Velden op"]
[Site "Velden"]
[Date "1996.??.??"]
[Round "4"]
[White "Straub, Peter"]
[Black "Paehtz, Thomas Sr"]
[Result "0-1"]
[WhiteElo "2120"]
[BlackElo "2475"]

1.d4 Nf6 2.Nf3 g6 3.c4 Bg7 4.g3 O-O 5.Bg2 d6 6.O-O Nc6 7.d5 Na5 8.Qa4 c5
9.Bd2 b6 10.Bc3 Bd7 11.Qc2 Bf5 12.Qa4 Rb8 13.Nbd2 e5 14.Nh4 Bd7 15.Qc2 Nh5
16.e4 f5 17.exf5 gxf5 18.f4 Nxf4 19.gxf4 Qxh4 20.fxe5 dxe5 21.b3 Rbe8 22.Nf3 Qh6
23.Rae1 e4 24.Bxg7 Qxg7 25.Nd2 e3 26.Nf3 f4 27.Kh1 Kh8 28.Rg1 Qf6 29.Bf1 Bf5
30.Bd3 Nb7 31.Ng5 f3  0-1

[Event "Velden op"]
[Site "Velden"]
[Date "1996.??.??"]
[Round "6"]
[White "Loginov, Valery A"]
[Black "Paehtz, Thomas Sr"]
[Result "1/2-1/2"]
[WhiteElo "2525"]
[BlackElo "2475"]

1.Nf3 Nf6 2.g3 g6 3.c4 Bg7 4.Bg2 d6 5.d4 O-O 6.O-O Nc6 7.Nc3 e5 8.dxe5 Nxe5
9.Nxe5 dxe5 10.Bg5 Qxd1 11.Rfxd1 c6 12.Rac1 Be6 13.Na4 h6 14.Bxf6 Bxf6 15.Nc5 Bc8
16.Nd7 Bxd7 17.Rxd7 Rab8 18.b4 Rfd8 19.Rcd1 Kf8 20.b5 cxb5 21.cxb5 Ke8 22.Rxd8+ Bxd8
23.Bd5 Ke7 24.Rd3 Bb6 25.g4 Rd8 26.Bxb7 Rxd3 27.exd3 Kd6 28.Bc6 g5 29.Kg2 Kc5
30.Kf3 Kd4 31.Ke2 Ba5 32.Be8 f6 33.Bg6 Bb4  1/2-1/2

[Event "Velden op"]
[Site "Velden"]
[Date "1996.??.??"]
[Round "8"]
[White "Horvath, Jozsef"]
[Black "Paehtz, Thomas Sr"]
[Result "1/2-1/2"]
[WhiteElo "2515"]
[BlackElo "2475"]

1.d4 Nf6 2.c4 g6 3.Nf3 Bg7 4.g3 O-O 5.Bg2 d6 6.Nc3 Nc6 7.O-O e5 8.d5 Ne7
9.e4 Ne8 10.Ne1 f5 11.Nd3 Nf6 12.Bg5 fxe4 13.Nxe4 Nf5 14.Re1 h6 15.Nxf6+ Bxf6
16.Bd2 g5 17.Be4 Qd7 18.c5 Qf7 19.Rc1 Bd8 20.Bh1 Nd4 21.Be3 Nf3+ 22.Qxf3 Qxf3
23.Bxf3 Rxf3 24.Kg2 e4 25.cxd6 cxd6 26.Rc4 Bf5 27.Nb4 Bg6 28.a3 Bf6 29.Re2 a5
30.Na2 Bf7 31.Rd2 Rf5 32.Nc3 Bxc3 33.bxc3 Rxd5 34.Rxd5 Bxd5 35.Rd4 Bc6 36.Rxd6 Kh7
37.h4 Rg8 38.hxg5 hxg5 39.g4 Rg6 40.Rd8 Rg8 41.Rd1 a4 42.Kg3 Kg6 43.Rd6+ Kf7
44.Rh6 Rg6 45.Rh7+ Ke6 46.Rh5 Kf6 47.Rh8 Kf7 48.Ra8 Rd6 49.Ra5  1/2-1/2

[Event "Velden op"]
[Site "Velden"]
[Date "1996.??.??"]
[Round "8"]
[White "Straub, Peter"]
[Black "Wittmann, Walter"]
[Result "0-1"]
[WhiteElo "2120"]
[BlackElo "2370"]

1.d4 Nf6 2.Nf3 g6 3.g3 Bg7 4.Bg2 O-O 5.c4 d6 6.O-O c6 7.Nc3 a6 8.a4 a5 9.e4 Bg4
10.h3 Bxf3 11.Bxf3 Nfd7 12.Be3 Na6 13.Bg2 e5 14.dxe5 dxe5 15.Qe2 Ndc5 16.Rfd1 Qc7
17.Bxc5 Nxc5 18.Qc2 Qb6 19.Ne2 Rfd8 20.Kh2 Qb4 21.Qc3 Rxd1 22.Qxb4 axb4 23.Rxd1 Rxa4
24.Rd8+ Bf8 25.f4 Ra2 26.fxe5 Rxb2 27.Nf4 b3 28.Rd1 Rc2  0-1

[Event "Vienna op"]
[Site "Vienna"]
[Date "1996.??.??"]
[Round "1"]
[White "Horvath, Jozsef"]
[Black "Schlosser, Michael"]
[Result "1-0"]
[WhiteElo "2515"]
[BlackElo "2380"]

1.d4 Nf6 2.Nf3 g6 3.c4 Bg7 4.g3 O-O 5.Bg2 d6 6.Nc3 Nbd7 7.O-O e5 8.e4 exd4
9.Nxd4 Nc5 10.h3 Re8 11.Re1 h6 12.Nb3 Ne6 13.f4 a5 14.a4 c6 15.Be3 Nc7 16.Qd3 Na6
17.Rad1 Nb4 18.Qxd6 Qxd6 19.Rxd6 Nc2 20.Re2 Nxe3 21.Rxe3 Bf8 22.Rxf6 Be7
23.Nd5 cxd5 24.exd5 Bc5 25.Nxc5 Rxe3 26.Kf2 Re8 27.Rb6 Ra7 28.d6 Rd8 29.Nxb7 Bxb7
30.Bxb7 Rxd6 31.Rxd6 Rxb7 32.c5 Rxb2+ 33.Ke3 Kf8 34.Kd4 Ke7 35.Kd5 Rb3 36.Ra6 Rxg3
37.Rxa5 Rxh3 38.Ra7+ Kd8 39.Rxf7 Ra3 40.Kd6 Rd3+ 41.Kc6 Ra3 42.Rd7+ Kc8 43.Rg7 Kb8
44.Rxg6 Rxa4 45.f5 h5 46.f6 Rf4 47.Kd7  1-0

[Event "Vienna op"]
[Site "Vienna"]
[Date "1996.??.??"]
[Round "1"]
[White "Skomorokhin, Roman"]
[Black "Tkachiev, Vladislav"]
[Result "1/2-1/2"]
[WhiteElo "2450"]
[BlackElo "2620"]

1.d4 Nf6 2.c4 g6 3.Nf3 Bg7 4.g3 O-O 5.Bg2 d6 6.O-O Nc6 7.Nc3 e5 8.d5 Ne7
9.e4 Bg4 10.Bd2 a5 11.Qc2 Qc8 12.Rfe1 Ne8 13.Nh4 Nf6 14.a3 Bh3 15.b4 Bxg2
16.Kxg2 Nh5 17.Rac1 Bf6 18.Nf3 Nf4+ 19.Bxf4 exf4 20.Nb5 axb4 21.axb4 Qd7
22.Rcd1 Ra6 23.e5 dxe5 24.Nxe5 Bxe5 25.Rxe5 Nf5 26.Nc3 Ra3 27.Ne4 f3+ 28.Kh1 Qa4
29.Nf6+ Kh8 30.Qxa4 Rxa4 31.Rb1 Rfa8 32.Re8+ Kg7 33.Rxa8 Rxa8 34.Nd7 Ra2
35.Kg1 Nd6 36.Ne5 f6 37.Nxf3 Nxc4 38.Nd4 Rd2 39.Ne6+ Kf7 40.Nxc7 Nb6 41.Ra1 Nxd5
42.Nxd5 Rxd5 43.Rc1 Ke6 44.h4 h5 45.Rc4 Ke5 46.Kg2 Rd4 47.Rc5+ Kd6 48.Rb5 Kc6  1/2-1/2

[Event "Carl Schlechter mem"]
[Site "Vienna"]
[Date "1996.??.??"]
[Round "1"]
[White "Balinov, Ilija"]
[Black "Schumi, Manfred"]
[Result "1-0"]
[WhiteElo "2385"]
[BlackElo "2245"]

1.c4 g6 2.Nf3 Bg7 3.d4 Nf6 4.g3 O-O 5.Bg2 d6 6.O-O Nbd7 7.Qc2 e5 8.Rd1 Qe7
9.Nc3 Re8 10.Nb5 e4 11.Nxc7 exf3 12.Bxf3 Nb6 13.Nxe8 Qxe8 14.a4 Bf5 15.Qb3 Bd7
16.a5 Ba4 17.Qd3 Bxd1 18.axb6 Ba4 19.bxa7 Bc6 20.d5 Bd7 21.Qb3 Ng4 22.Qxb7 Ne5
23.Bg2 Nxc4 24.Ra2 Qc8 25.Qxc8+ Bxc8 26.b3 Ne5 27.Be3 Bf6 28.Ra5 Ng4 29.Bb6 Bc3
30.Ra4 Ne5 31.Bc7 Bd7 32.Ra2 Bb4 33.Bb8 Bf5 34.e4 Bg4 35.Ra4 Bc5 36.b4 Bd7
37.bxc5 Bxa4 38.c6 Nxc6 39.dxc6 Bxc6 40.f4 Kf8 41.Bxd6+ Ke8 42.Bb8 f6 43.e5 Bxg2
44.Kxg2  1-0

[Event "Carl Schlechter mem"]
[Site "Vienna"]
[Date "1996.??.??"]
[Round "1"]
[White "Stoeckl, Ernst"]
[Black "Neumeier, Klaus"]
[Result "0-1"]
[WhiteElo "2090"]
[BlackElo "2280"]

1.Nf3 d6 2.d4 Nf6 3.g3 g6 4.Bg2 Bg7 5.c4 O-O 6.Nc3 Nbd7 7.O-O e5 8.dxe5 dxe5
9.h3 c6 10.Be3 Qe7 11.Qd2 Ne8 12.Rfd1 Nc7 13.Ne4 Ne6 14.Nd6 Rd8 15.Nxc8 Raxc8
16.Qc2 f5 17.Qc1 e4 18.Nd4 Ndc5 19.Nxe6 Nxe6 20.Rb1 Qb4 21.Qc2 Bd4 22.Bd2 Qe7
23.e3 Bf6 24.Bc3 Qg7 25.Bxf6 Qxf6 26.b4 c5 27.b5 b6 28.Bf1 Rxd1 29.Rxd1 Rd8
30.Be2 Rxd1+ 31.Bxd1 Ng5 32.h4 Nf7 33.Qd2 Qd6 34.Qxd6 Nxd6 35.Be2 Kg7 36.Kf1 Kf6
37.Ke1 Ke5 38.Kd2 h6 39.Kc3 g5 40.hxg5 hxg5 41.Bf1 Nf7 42.Be2 Nh6 43.Kd2 f4
44.gxf4+ gxf4 45.Bh5 Kf5 46.Bd1 Nf7 47.Be2 f3 48.Bf1 Kg4  0-1

[Event "Vienna op-C"]
[Site "Vienna"]
[Date "1996.??.??"]
[Round "5"]
[White "Lapienis, Donatas"]
[Black "Erhart, Helmut"]
[Result "1-0"]
[WhiteElo "2350"]
[BlackElo "2100"]

1.d4 Nf6 2.c4 g6 3.Nf3 Bg7 4.g3 O-O 5.Bg2 d6 6.O-O Nbd7 7.Nc3 c6 8.e4 e5
9.h3 exd4 10.Nxd4 a5 11.Be3 Re8 12.Qc2 Qc7 13.Rfd1 Nc5 14.Nb3 Nfd7 15.Rd2 Ne5
16.Nxc5 dxc5 17.b3 a4 18.Rad1 axb3 19.axb3 b6 20.f4 Nd7 21.e5 Nf8 22.Nb5 cxb5
23.Bxa8 Bxh3 24.Bd5 b4 25.Re1 Be6 26.Bf2 Re7 27.Qd1 Qc8 28.Qf3 Bg4 29.Qg2 Ra7
30.Qh2 Ra3 31.Rd3 Bf5 32.Be4 Bxe4 33.Rxe4 Qa8 34.Qg2 Qb8 35.Qf3 Ne6 36.Kg2 Bf8
37.Re2 Qc8 38.Rc2 h5 39.Be3 Ng7 40.Bf2 Nf5 41.Qd1 Nh6 42.Rd7 Qe8 43.Rd8 Qe6
44.Qd5 Rxb3 45.Qa8 h4 46.Rxf8+ Kg7 47.Rh8 h3+ 48.Kh1  1-0

[Event "Siembra Villa Ballester op"]
[Site "Villa Ballester"]
[Date "1996.??.??"]
[Round "9"]
[White "Scarella, Enrique"]
[Black "Sorin, Ariel"]
[Result "1/2-1/2"]
[WhiteElo "2330"]
[BlackElo "2505"]

1.Nf3 Nf6 2.c4 g6 3.d4 Bg7 4.g3 O-O 5.Bg2 d6 6.Nc3 Nc6 7.O-O a6 8.h3 Rb8
9.Be3 Bd7 10.Rc1 b5 11.Nd2 e5 12.dxe5 dxe5 13.cxb5 axb5 14.Nb3 b4 15.Nd5 Nxd5
16.Qxd5 Nd4 17.Bxd4 exd4 18.Nxd4 Bxh3 19.Qxd8 Rbxd8 20.Bxh3 Bxd4 21.Rxc7 Bxb2
22.Rc2 Bc3 23.a3  1/2-1/2

[Event "AUT-chT9697"]
[Site "Vorarlberg"]
[Date "1996.??.??"]
[Round "?"]
[White "Blaickner, Dieter"]
[Black "Pocak, Edmund"]
[Result "1/2-1/2"]
[WhiteElo "1940"]
[BlackElo "1980"]

1.d4 Nf6 2.Nf3 g6 3.g3 Bg7 4.Bg2 O-O 5.c4 d6 6.Nc3 Re8 7.e4 c6 8.a3 Nfd7
9.O-O e5 10.dxe5 Nxe5 11.Nxe5 Bxe5  1/2-1/2

[Event "JUG-chT"]
[Site "Vrnjacka Banja"]
[Date "1996.??.??"]
[Round "?"]
[White "Ilic, Zoran"]
[Black "Jakovljevic, Milan"]
[Result "1/2-1/2"]
[WhiteElo "2400"]
[BlackElo "2295"]

1.d4 Nf6 2.Nf3 g6 3.c4 Bg7 4.g3 O-O 5.Bg2 d6 6.O-O Nc6 7.Nc3 e5 8.d5 Ne7
9.e4 h6 10.Ne1 Nd7 11.Nd3 f5 12.Bd2 Nf6 13.Re1 fxe4 14.Nxe4 Nxe4 15.Bxe4 g5
16.Bc3 Nf5 17.a4 Bd7 18.b4 Nd4 19.Ra2 Qf6 20.Bxd4  1/2-1/2

[Event "JUG-ch (Women) 1"]
[Site "Vrnjacka Banja"]
[Date "1996.??.??"]
[Round "?"]
[White "Khurtsidze, Nino"]
[Black "Peng, Zhaoqin"]
[Result "1-0"]
[WhiteElo "2365"]
[BlackElo "2410"]

1.d4 Nf6 2.Nf3 g6 3.g3 Bg7 4.c4 O-O 5.Bg2 d6 6.O-O Nbd7 7.Nc3 e5 8.e4 exd4
9.Nxd4 Re8 10.Re1 a6 11.Rb1 Ng4 12.h3 Nge5 13.b3 Nc5 14.Be3 Rb8 15.Qc2 Bd7
16.Rbd1 Qc8 17.Kh2 h5 18.f4 Nc6 19.Nd5 Ne7 20.Ne2 Nxd5 21.cxd5 Nxe4 22.Bxe4 f5
23.Ba7 Ra8 24.Bd4 fxe4 25.Bxg7 Kxg7 26.Nc3 Bxh3 27.Nxe4 Bf5 28.Qc3+ Kh6 29.Ng5 Qd7
30.Rxe8 Rxe8 31.Re1 Rf8 32.Re3 Qd8 33.Qe1 Kg7 34.Re7+ Kg8 35.Nh7 c6 36.Nxf8 Kxf8
37.Rxb7  1-0